| 000 | 00000nas##2200000za#4500 |
| 001 | 9.503148 |
| 003 | CaOODSP |
| 005 | 20200325121744 |
| 007 | cr ||||||||||| |
| 008 | 150406c1998||||xxc|| m o||||f| |0fre|d |
| 040 | |aCaOODSP|bfre |
| 043 | |an-cn--- |
| 086 | 1 |aF21-6F-PDF |
| 110 | 1 |aCanada.|bMinistère des finances.|bGroupe de travail sur l'avenir du secteur des services financiers canadien. |
| 245 | 10|aDocument de recherche préparé pour le Groupe de travail sur l'avenir du secteur des services financiers canadien |h[ressource électronique] |
| 260 | |aOttawa - Ontario : |bFinances Canada. |
| 775 | 08|tResearch paper prepared for the Task Force on the Future of the Canadian Financial Services Sector |w(CaOODSP)9.506754 |
| 776 | 0#|tDocument de recherche préparé pour le Groupe de travail sur l'avenir du secteur des services financiers canadien |w(CaOODSP)9.513003 |